000 00387nam a22001457a 4500
005 20250603171020.0
008 250603b |||||||| |||| 00| 0 eng d
020 _a842302423
050 _aBV 2620
_bSCH
100 _aSCHAEFFER, EDITH
245 _aCHRISTIANITY IS JEWISH
_cEDITH SCHAEFFER
260 _aILLINOIS
_bTYNDALE HOUSE PUBLISHERS
_cc1984
300 _a224p.;
942 _2lcc
_cBK
_n0
999 _c6233
_d6233